00498nam a22001457a 450000500170000001000120001702000260002903700250005508200100008010000160009024500770010626000420018327001080022530000190033320260302122348.0 aBACEN26 a9789359773834c325.00 bThe Readers Paradise a158.1 aBiswal, Dev aFuse: Turn Conflict into connection and Creative Tension/cby Dev Biswal aNew DelhibThe Readers Paradisec2025 a103, 4787/23, Ansari Road, Darya GanjbNew Delhie110002k0954444181mthereadersparadisesales@gmail.com a97p.c22cm(pb)